| 000 | 00389nam a22001097a 4500 | ||
|---|---|---|---|
| 082 |
_a636.08 _bAGR |
||
| 245 |
_aAgricultural Services and the Poor: _bcase of livestock health and breeding services in India / _cEdited Indian Institute of Management |
||
| 260 |
_aAhmedabad : _bIndian Institute of Management Science, _c2000. |
||
| 300 |
_a146 p. ; _c23 cm. |
||
| 563 | _aPBK. | ||
| 942 |
_2ddc _cBK |
||
| 999 |
_c589543 _d589543 |
||